000
00262nam a22001217a 4500
008
180918b xxu||||| |||| 00| 0 eng d
041
_a
eng
080
_a
159.9
100
_a
49
101
_a
PSI
245
_a
Close Relationships
_c
Hendrick. C
942
_2
udc
_c
BK
999
_c
47896
_d
47896